000
00308nam a22001337a 4500
008
170612b xxu||||| |||| 00| 0 eng d
020
_a
9781285218007
041
_a
eng
080
_a
94(7/8)
100
_a
17
101
_a
SHH
245
_a
TERRORISM AND THE THREAT TO AMERICA
_c
WHITE,J.R
942
_2
udc
_c
BK
999
_c
16868
_d
16868